000 00430pab a2200181 454500
008 180718b2011 xxu||||| |||| 00| 0 eng d
100 _aChatterjee, N.
245 _aRole of NGOs in rural development
260 _c2011
300 _ap.17-20.
362 _aNov
650 _aRural development
650 _aNongovernmental organizations
700 _aDar, Mohd Ashraf
773 _aYojana
908 _aN
909 _a94003
999 _c94003
_d94003